Economics of small scale industries (Record no. 431493)

000 -LEADER
fixed length control field 00388cam a22001217a 4500
008 - FIXED-LENGTH DATA ELEMENTS--GENERAL INFORMATION
fixed length control field 180718b1986 xxu||||| |||| 00| 0 eng d
082 ## - DEWEY DECIMAL CLASSIFICATION NUMBER
Classification number T2196x5414 M725
100 ## - MAIN ENTRY--PERSONAL NAME
Personal name Mohanty, Bedabati
245 ## - TITLE STATEMENT
Title Economics of small scale industries
Statement of responsibility, etc. by Bedabati Mohanty
260 ## - PUBLICATION, DISTRIBUTION, ETC.
Place of publication, distribution, etc. New Delhi
Name of publisher, distributor, etc. Ashish Publishig House
Date of publication, distribution, etc. 1986
300 ## - PHYSICAL DESCRIPTION
Extent xi, 223p.
650 ## - SUBJECT ADDED ENTRY--TOPICAL TERM
Topical term or geographic name entry element Small business --India --Cuttack District
Holdings
Withdrawn status Lost status Damaged status Not for loan Permanent Location Current Location Date acquired Full call number Barcode Date last seen Price effective from Koha item type
        Indian Institute of Public Administration Indian Institute of Public Administration 2010-01-19 T2196x5414 M725 61966 2018-07-21 2018-07-21 Book

Powered by Koha